ბათუმის შოთა რუსთაველის სახელმწიფო უნივერსიტეტის ბიბლიოთეკა

მასწავლებელი : (ბიბ.ჩანაწერი № 57307)

000 -LEADER
fixed length control field 01158nam a22002057a 4500
005 - DATE AND TIME OF LATEST TRANSACTION
control field 20200219120538.0
008 - FIXED-LENGTH DATA ELEMENTS--GENERAL INFORMATION
fixed length control field 200219s2019ge xxu||||| |||| 00| 0 geo d
020 ## - INTERNATIONAL STANDARD BOOK NUMBER
Qualifying information 1987-6149
041 ## - LANGUAGE CODE
Language code of text/sound track or separate title geo
245 ## - TITLE STATEMENT
Title მასწავლებელი :
Remainder of title 2019 № 1 /
Statement of responsibility, etc. მთ.რედ. ნატო ინგოროყვა ; რედ : მანანა ბოჭორიშვილი ; ნანა მაჭავარიანი.
260 ## - PUBLICATION, DISTRIBUTION, ETC.
Place of publication, distribution, etc. თბილისი :
Name of publisher, distributor, etc. მასწავლებლის პროფესიული განვითარების ეროვნული ცენტრის გამოცემა,
Date of publication, distribution, etc. 2019.
300 ## - PHYSICAL DESCRIPTION
Extent V.
653 ## - INDEX TERM--UNCONTROLLED
Uncontrolled term განათლება
653 ## - INDEX TERM--UNCONTROLLED
Uncontrolled term პედაგოგიკა
653 ## - INDEX TERM--UNCONTROLLED
Uncontrolled term პერიოდიკა
700 ## - ADDED ENTRY--PERSONAL NAME
Personal name ინგოროყვა, ნატო
Relator term მთავარი რედაქტორი
9 (RLIN) 7164
700 ## - ADDED ENTRY--PERSONAL NAME
Personal name ბოჭორიშვილი, მანანა
Relator term რედაქტორი
9 (RLIN) 7165
700 ## - ADDED ENTRY--PERSONAL NAME
Personal name მაჭავარიანი, ნანა
Relator term რედაქტორი
9 (RLIN) 5954
942 ## - ADDED ENTRY ELEMENTS (KOHA)
Source of classification or shelving scheme
Koha item type პერიოდიკა
ეგზემპლარები
Withdrawn status Lost status Source of classification or shelving scheme Damaged status Not for loan Permanent Location Current Location Date acquired Serial Enumeration / chronology Barcode Date last seen Copy number Price effective from Koha item type
        შიდა ფონდი ბათუმის შოთა რუსთაველის სახელმწიფო უნივერსიტეტის მთავარი ბიბლიოთეკა ბათუმის შოთა რუსთაველის სახელმწიფო უნივერსიტეტის მთავარი ბიბლიოთეკა 2020-02-19 2019 № 1 p80595 2020-02-19 p80595 2020-02-19 პერიოდიკა
        შიდა ფონდი ბათუმის შოთა რუსთაველის სახელმწიფო უნივერსიტეტის მთავარი ბიბლიოთეკა ბათუმის შოთა რუსთაველის სახელმწიფო უნივერსიტეტის მთავარი ბიბლიოთეკა 2020-02-19 2019 № 2 (7) p80596 2020-02-19 p80596 2020-02-19 პერიოდიკა
        შიდა ფონდი ბათუმის შოთა რუსთაველის სახელმწიფო უნივერსიტეტის მთავარი ბიბლიოთეკა ბათუმის შოთა რუსთაველის სახელმწიფო უნივერსიტეტის მთავარი ბიბლიოთეკა 2020-02-19 2019 № 3 p80597 2020-02-19 p80597 2020-02-19 პერიოდიკა
        შიდა ფონდი ბათუმის შოთა რუსთაველის სახელმწიფო უნივერსიტეტის მთავარი ბიბლიოთეკა ბათუმის შოთა რუსთაველის სახელმწიფო უნივერსიტეტის მთავარი ბიბლიოთეკა 2020-02-19 2019 № 4 p80598 2020-02-19 p80598 2020-02-19 პერიოდიკა